| 000 | 00567nam a2200181Ia 4500 | ||
|---|---|---|---|
| 008 | 090123s9999 xx 000 0 und d | ||
| 082 | _b31885 | ||
| 100 | _aमराठे रमा | ||
| 245 | _aस्वभावाला औषध आहे | ||
| 250 | _a0 | ||
| 260 |
_bमेहता प्रकाशन _c2000 |
||
| 300 | _a135 | ||
| 600 | _aमराठे रमा | ||
| 630 | _aस्वभावाला औषध आहे | ||
| 700 | _aमराठे रमा | ||
| 730 | _aस्वभावाला औषध आहे | ||
| 942 | _cBOOK | ||
| 999 |
_c69944 _d69944 |
||